Statistics for Harry Potter A-Z

Click here to take the quiz!

General Stats

  • This quiz has been taken 180,298 times
  • The average score is 20 of 26

Answer Stats

ClueAnswer% Correct
AHigh-security prisonAzkaban
97%
JHarry's father's nameJames
92%
WGinny, Ron, Molly, Fred, etc.Weasley
91%
QSport played on broomsticksQuidditch
90%
M_______ MyrtleMoaning
88%
NHarry's first broomstick{Nimbus} 2000
88%
IType of cloak given to HarryInvisibility
87%
UDolores's surnameUmbridge
87%
KDurmstrang's ViktorKrum
85%
SDecides which house you get put inSorting Hat
85%
GOne of Draco's best friendsGoyle
82%
OShop where Harry got his wandOllivanders
80%
EDisarming charmExpelliarmus
78%
PHarry's is a stag; Hermione an otterPatronus
78%
CClass taught by Professor FlitwickCharms
77%
DFollower of VoldemortDeath Eater
76%
HStudents' weekend vacation locationHogsmeade
73%
LNagini's killer's surnameLongbottom
73%
RMembers have wit and wisdomRavenclaw
71%
BIt shapeshifts into one's worst fearBoggart
68%
YTriwizard Tournament formal danceYule Ball
68%
VType of cabinet Draco usedVanishing
67%
TVery strong, stupid magical creatureTroll
66%
XQuibbler editor's first nameXenophilius
53%
FCentaur and divination teacherFirenze
44%
ZJokes and tricks shopZonko's
43%

Score Distribution

Percentile by Number Answered

Percent of People with Each Score

Your Score History

You have not taken this quiz